1008 1397 1379 1065 1078 1748 1534 1236 1280 1489 1885 1263 1448 1656 1505 1617 1556 1206 1979 1144 1354 1382 1613 1414 1602 1570 1380 1870 1216 1286 1565 1235 1917 1054 1714 1952 1091 1957 1953 1598 1273 1040 1001 1481 1436 1940 1670 1120 1616 1482 1373 1397 1768 1169 1724 1275 1936 1651 1226 1155 1899 1662 1269 1155 1957 1214 1071 1795 1965 1560 1732 1686 1152 1605 1468 1040 1856 1936 1485 1009 1729 1772 1836 1639 1531 1489 1035 1930 1511 1567 1296 1345 1310 1275 1372 1237 1508 1901 1575 BCNSPRNW ULIB Ver.6.0+V

เปลี่ยนเป็นภาษาไทย

Change to English
 แสดงรายละเอียดบรรณานุกรม
  กลับหน้าหลัก

Brief Record : Get Marc (ISO 2709) : E-mail record : QR code < ปิดหน้าต่าง
LEADER : 00000nam 2200000uu 4500
001    13399112680
003     ULIB
008    110901s2551||||th 000 0 tha d
020    9789740621041
050  4 PE1130^bณ258ห 2551
100 0  ณวรา อลิน
245 10 หลักภาษาอังกฤษฉบับสมบูรณ์ /^cณวรา อลิน
260    กรุงเทพฯ :^bคลื่นอักษร,^c2551
300    272 หน้า
650  4 ภาษาอังกฤษ^xการใช้ภาษา
650  4 ภาษาอังกฤษ^xไวยากรณ์
945    ^p195^l0^i024405
945    ^p195^l0^i024406
995    ทศพร
999 ^a ทศพร
รายการนี้ยังไม่มีแท็ก
คุณยังไม่ได้ล็อกอิน คุณสามารถมีกิจกรรมร่วมกับเว็บไซต์ได้ แต่ต้องล็อกอินก่อน ::
  ล็อกอิน

รายการสื่อสารสนเทศ

ลำดับที่ ประเภท เลขเรียก/บาร์โค้ด สถานที่ สถานะ
- ไม่พบข้อมูล -

รายการใกล้เคียง
    หัวเรื่อง [ภาษาอังกฤษ การใช้ภาษา]

BibComment


ยังไม่เคยถูกคอมเมนท์

คอมเมนท์ทรัพยากรรายการนี้
  คอมเมนท์: หลักภาษาอังกฤษฉบั..


 Copyright 2026. Bcnsprnw @Library